000 00272nam a22001217a 4500
008 170612b xxu||||| |||| 00| 0 eng d
041 _aeng
080 _a93
100 _a19
101 _aSHH
245 _aREFORMING AFRICA'S INSTITUTITON
_cMUGERWA, S.K
942 _2udc
_cBK
999 _c17015
_d17015